Mais / (Record no. 105377)

MARC details
000 -LEADER
campo de control de longitud fija 00638nam a2200205 i 4500
001 - NÚMERO DE CONTROL
campo de control 105377
003 - IDENTIFICADOR DE NÚMERO DE CONTROL
campo de control ES-MaACL
005 - FECHA Y HORA DE LA ÚLTIMA TRANSACCIÓN
campo de control 20230906183850.0
007 - CAMPO FIJO DE DESCRIPCIÓN FÍSICA--INFORMACIÓN GENERAL
campo de control de longitud fija t|
008 - DATOS DE LONGITUD FIJA--INFORMACIÓN GENERAL
campo de control de longitud fija 060703s1978 fr a |||| | fre d
020 ## - NÚMERO INTERNACIONAL ESTÁNDAR DEL LIBRO
Número Internacional Estándar del Libro 2-7304-0006-0
080 ## - NÚMERO DE LA CLASIFICACIÓN DECIMAL UNIVERSAL
Número de la Clasificación Decimal Universal 323.25-057-87(44)"1968"(093.3)
100 1# - ENTRADA PRINCIPAL--NOMBRE DE PERSONA
Nombre de persona Morin, Edgar.
9 (RLIN) 83564
245 10 - MENCIÓN DEL TÍTULO
Título Mais /
Mención de responsabilidad, etc. Edgar Morin ; [dessins de] Marek Halter.
260 ## - PUBLICACIÓN, DISTRIBUCIÓN, ETC.
Lugar de publicación, distribución, etc. Paris :
Nombre del editor, distribuidor, etc. Oswald,
Fecha de publicación, distribución, etc. 1978.
300 ## - DESCRIPCIÓN FÍSICA
Extensión 138 p. :
Otras características físicas il. ;
Dimensiones 22 cm.
651 #4 - PUNTO DE ACCESO ADICIONAL DE MATERIA--NOMBRE GEOGRÁFICO
Nombre geográfico Francia-
Subdivisión general Historia-
Subdivisión cronológica 1968, Movimientos estudiantiles.
9 (RLIN) 162957
700 1# - ENTRADA AGREGADA--NOMBRE PERSONAL
Nombre de persona Halter, Marek.
9 (RLIN) 61631
852 ## - LOCALIZACIÓN
Ubicación ES-MaACL
Número de control de estantería AND-172
Nota libre . - Biblioteca Juan Andrade
Holdings
Estatus retirado Estado de pérdida Estado de daño No para préstamo Biblioteca de origen Biblioteca actual Ubicación en estantería Fecha de adquisición Fuente de adquisición Total de préstamos Signatura topográfica completa Código de barras Visto por última vez Precio de reemplazo Tipo de ítem Koha
        Biblioteca del Ateneo de Madrid Biblioteca del Ateneo de Madrid Depósito 2 17/01/2008     AND-172 1110008 23/02/2023 23/02/2023 Libro impreso